Numerical Analysis (Record no. 6101)

MARC details
005 - DATE AND TIME OF LATEST TRANSACTION
control field 20250628155935.0
082 ## - DEWEY DECIMAL CLASSIFICATION NUMBER
Classification number 510 BUR
100 ## - MAIN ENTRY--PERSONAL NAME
Author name BURDEN, R. L.
245 ## - TITLE STATEMENT
Title Numerical Analysis
250 ## - EDITION STATEMENT
Edition statement 4th Ed.
260 ## - PUBLICATION, DISTRIBUTION, ETC.
Place of publication, distribution, etc. Boston,
Name of publisher, distributor, etc. PWS, KENT Publishing Company
Date of publication, distribution, etc. 2009
300 ## - PHYSICAL DESCRIPTION
Extent x,477p.;
Dimensions 24cm
700 ## - ADDED ENTRY--PERSONAL NAME
Other authors/Editors FAIRES, J. D.
942 ## - ADDED ENTRY ELEMENTS (KOHA)
Source of classification or shelving scheme Dewey Decimal Classification
Koha item type Books
Holdings
Date last seen Total checkouts Full call number Barcode Cost, replacement price Price effective from Koha item type Lost status Source of classification or shelving scheme Damaged status Not for loan Withdrawn status Home library Current library Shelving location Date acquired Cost, normal purchase price
06/28/2025   510 BUR DOM0002157 30000.00 06/28/2025 Books   Dewey Decimal Classification       CBE Dodoma CBE Dodoma General Collection 06/03/2009 10000.00